000 00953nam a2200205 a 4500
001 000041180
005 20201002034702.0
008 130923s1990 sp 000 0 spa d
020 _a8400070577
040 _aDO-SdBNP
_bspa
_cBNPHU
100 1 _aVicente Rosillo, María Soledad
_967743
245 1 0 _aCatalogo de los fondos especiales de la Biblioteca del Museo Nacional de Ciencias Naturales :
_bmanuscritos, incunables, obras de los S. XVI-XVII /
_cMaría Soledad Vicente Rosillo y Adelaida Orbiso Viñuelas.
260 _aMadrid :
_bConsejo Superior de Investigaciones Científicas,
_c1990.
300 _aXIV, 274 p. :
_bil. ;
_c24 cm.
490 1 _aMonografías (Museo Nacional de Ciencias Naturales) ;
_v1
504 _aBibliografía : p. 273-274
700 1 _aOrbiso Viñuelas, Adelaida,
_ecomp.
_967744
710 2 _aConsejo Superior de Investigaciones Científicas
_94786
830 0 _aMonografías (Museo Nacional de Ciencias Naturales)
_n1
_967745
999 _c40670
_d40670